000 00821nam a22002177a 4500
999 _c3990
_d3990
003 AR-CdUCM
008 190307b ||||| |||| 00| 0 spa d
040 _aMUNICIPALIDAD PROVINCIAL DEL CUSCO
_cBIBLIOTECA MUNICIPAL DEL CUSCO
082 _a301.5 /
_bF76
100 _aFourastié, Jean
_912744
245 _aLa civilización de 1975 /
260 _aArgentina :
_bEUDEBA,
_c1964.
300 _a120 páginas ;
_c18 cm.
505 _aEl progreso técnico mejora la condición del hombre -- Evolución de genero de vida -- Evolución de nivel de vida -- Las causas del mejoramiento de la condición del hombre...
650 _aEvolución de vida.
_912745
650 _aMejoramiento del hombre.
_912746
650 _aDesarrollo.
_92021
650 _aProductividad.
_98809
942 _2ddc
_cLIBROS
945 _awfj
_d2019-03-07